00562 2200169 4500001002100000005001500021035002000036007000300056008003900059082000700098084001300105100002100118245017100139260004600310650002200356990001400378INLIS00000000000988120260413022235 a0010-0426000216ta260413 | | |  a81 a81 DED a0 aDEDY HARDIANSYAH1 aANALISIS KOMPETENSI DAN EFEKTIVITAS PELAYANAN PENGELOLAAN ARSIP DI DINAS PERPUSTAKAAN DAN KEARSIPAN KABUPATEN SERUYAN KALIMANTAN TENGAH TAHUN 2024 /cDEDY HARDIANSYAH aPALANGKA RAYA :bPERPUSTAKAAN UMPR,c2026 4aPENGELOLAAN ARSIP a238101657